000 00642nam a2200217 i 4500
001 27335
003 ES-MaACL
005 20240605063001.0
007 t|
008 030114s1984 sp ||||1| spa d
020 _a84-309-1080-8
100 1 _aAranguren, José Luis L.,
_d1909-1996
_922315
245 1 0 _aPropuestas morales /
_cJosé Luis L. Aranguren.
250 _a2ª ed.
260 _aMadrid :
_bTecnos,
_c1984.
300 _a135 p. ;
_c18 cm.
490 1 _aCuadernos de filosofía y ensayo
830 0 _aCuadernos de filosofía y ensayo
_9179716
852 _aES-MaACL
_jL-8218
_bR.108408
999 _c27335
_d27335